<?xml version="1.0" encoding="UTF-8"?>
<collection xmlns="http://www.loc.gov/MARC21/slim">
 <record>
  <leader>01711nam a2200217Ia 4500</leader>
  <controlfield tag="001">CTU_140475</controlfield>
  <controlfield tag="008">210402s9999    xx            000 0 und d</controlfield>
  <datafield tag="020" ind1=" " ind2=" ">
   <subfield code="c">119.38</subfield>
  </datafield>
  <datafield tag="082" ind1=" " ind2=" ">
   <subfield code="a">361.32072</subfield>
  </datafield>
  <datafield tag="082" ind1=" " ind2=" ">
   <subfield code="b">K89</subfield>
  </datafield>
  <datafield tag="100" ind1=" " ind2=" ">
   <subfield code="a">Krysik, Judy</subfield>
  </datafield>
  <datafield tag="245" ind1=" " ind2="0">
   <subfield code="a">Research for effective social work practice</subfield>
  </datafield>
  <datafield tag="245" ind1=" " ind2="0">
   <subfield code="c">Judy L. Krysik, Jerry Finn</subfield>
  </datafield>
  <datafield tag="260" ind1=" " ind2=" ">
   <subfield code="a">Boston, Mass.</subfield>
  </datafield>
  <datafield tag="260" ind1=" " ind2=" ">
   <subfield code="b">McGraw-Hill</subfield>
  </datafield>
  <datafield tag="260" ind1=" " ind2=" ">
   <subfield code="c">2007</subfield>
  </datafield>
  <datafield tag="520" ind1=" " ind2=" ">
   <subfield code="a">This is the fifth and final text in McGraw-Hill's new series NEW DIRECTIONS IN SOCIAL WORK. The text covers the basics of using and conducting social work research in a user-friendly, practical way, and provides many examples of social work research drawn from the literature as well as the authors' many years as social work educators, researchers, and evaluation consultants. Research for Effective Social Work Practice addresses all the basic topics such as formulating research questions, sampling, research design, measurement, and analysis; unlike other texts in the field, however, this book logically links the chapters so that, based on the research question that the social worker selects, she or he will be able to (a) make a reasoned judgment about the best research methods to apply, (b) articulate the strengths and weaknesses of her or his choices, and (c) critique the research methods used in other studies.</subfield>
  </datafield>
  <datafield tag="650" ind1=" " ind2=" ">
   <subfield code="a">Social service,Social service,Social workers,Dịch vụ xã hội,Dịch vụ xã hội,Lao động xã hội</subfield>
  </datafield>
  <datafield tag="650" ind1=" " ind2=" ">
   <subfield code="x">Research,Methodology,Professional ethics,Nghiên cứu,Phương pháp luận,Đạo đức nghề nghiệp</subfield>
  </datafield>
  <datafield tag="904" ind1=" " ind2=" ">
   <subfield code="i">Trọng Hải</subfield>
  </datafield>
  <datafield tag="980" ind1=" " ind2=" ">
   <subfield code="a">Trung tâm Học liệu Trường Đại học Cần Thơ</subfield>
  </datafield>
 </record>
</collection>
